| 000 | 01367nac a2200373 a 4500 | ||
|---|---|---|---|
| 001 | 493638 | ||
| 003 | BLK | ||
| 005 | 20250610094647.0 | ||
| 007 | ta | ||
| 008 | 180408b bul|||||r ||||||| ||bul|| | ||
| 010 | _aKNG00096247000 | ||
| 020 | _a9789542837268 | ||
| 040 | _aBLK | ||
| 041 |
_aBUL _cBUL |
||
| 080 |
_aБългарска литература _b821.163.2 _x-31 _z821.163.2-31 |
||
| 100 | 1 |
_aДимов, Димитър Тодоров _9364841 |
|
| 245 | 1 | 0 |
_aТютюн _bРоман : Т. 1 - 2 _cДимитър Тодоров Димов. _nТ. 2 |
| 250 | _a17. изд. | ||
| 257 | _aBGR | ||
| 260 |
_c2021 _f([В. Търново] : Абагар) _9217021 _aСофия _bСиела Норма |
||
| 300 |
_c22 см _a415 с. |
||
| 380 | _aX | ||
| 490 |
_aПопулярна класика _9201500 _x C625-8786 |
||
| 500 | _a1. изд. 1951 на изд. Нар. култура. - Офс. изд. | ||
| 773 | 0 | 8 |
_tТютюн _w493638 _iЧаст от: _aДимов, Димитър Тодоров _dСофия : Ciela, 2021 |
| 856 | 4 |
_qpdf _i0.00 _ldisable |
|
| 856 | 4 |
_qpdf _i0.00 _ldisable |
|
| 942 |
_cKNG _n0 _0242 _s1 |
||
| 944 |
_cВиолета Тройчева _k30542 _lРусанова Ирена |
||
| 999 |
_c493636 _d493636 |
||
| 999 | _d493636 | ||
| 999 | _d493636 | ||
| 999 | _d91490 | ||